000 00406 a2200133 4500
001 ART_14685
005 20260410161913.0
008 260409a
245 1 0 _aTwelve thousand individual welfare functions
100 1 _aKapteyn, Arie
700 1 _avan Herwaarden, Floor G.
700 1 _aVan Praag, Bernard
773 0 _tEuropean economic review
_g- Vol. 9, NÂș 3 (ago. 1977)
_wREV13346
999 _c26985
_d26985